| 000 | 00504nam a2200169Ia 4500 | ||
|---|---|---|---|
| 999 |
_c29816 _d29816 |
||
| 003 | OSt | ||
| 005 | 20201208104010.0 | ||
| 008 | 190216s9999||||xx |||||||||||||| ||und|| | ||
| 040 | _coclc | ||
| 082 |
_a894.8124 _bRAJ/M |
||
| 100 |
_aRajneesh, Osho _95903 |
||
| 245 | 0 |
_aMaranjirikkunna Rahasyangal = The Hidden Mysteries / _cOsho Rajneesh |
|
| 260 |
_bSilence, _c2010. _aTrivandrum: |
||
| 300 | _a302p | ||
| 650 | _aLekhanam | ||
| 942 |
_cBK _2ddc _h894.8124 _iRAJ/M _k894.8124 _mRAJ/M |
||